000 00458nam a22001817a 4500
003 MPLRDC
005 20220104123342.0
008 210129b ||||| |||| 00| 0 eng d
020 _a7-5329-0156-4
082 _a857.68 SDWY v.2
100 _a山东文艺出版社编
245 _a新拍案惊奇. 二
_c
250 _a一版一刷
260 _a
_b山东文艺出版社
_c1988
300 _b
650 _a短篇小说
942 _cBK
_o857.68 SDWY v.2
999 _c10722
_d10712